<?xml version="1.0" encoding="UTF-8"?>
<record
    xmlns:xsi="http://www.w3.org/2001/XMLSchema-instance"
    xsi:schemaLocation="http://www.loc.gov/MARC21/slim http://www.loc.gov/standards/marcxml/schema/MARC21slim.xsd"
    xmlns="http://www.loc.gov/MARC21/slim">

  <leader>02070agaaa2200313   4500</leader>
  <controlfield tag="001">8493</controlfield>
  <controlfield tag="003">IT-RoPAU</controlfield>
  <controlfield tag="005">20220918181223.0</controlfield>
  <controlfield tag="007">d cvaizq</controlfield>
  <controlfield tag="008">50131s9999||||xx ||| |     ||   ||und||</controlfield>
  <datafield tag="040" ind1=" " ind2=" ">
    <subfield code="a">IT-RoPAU</subfield>
    <subfield code="c">IT-RoPAU</subfield>
  </datafield>
  <datafield tag="041" ind1=" " ind2=" ">
    <subfield code="a">ITALIANO</subfield>
  </datafield>
  <datafield tag="100" ind1=" " ind2=" ">
    <subfield code="a">AA.VV. </subfield>
    <subfield code="g">Codice regista SPICS: 12000</subfield>
    <subfield code="9">36583</subfield>
  </datafield>
  <datafield tag="130" ind1=" " ind2=" ">
    <subfield code="a">DON MATTEO - 2A STAGIONE</subfield>
    <subfield code="9">36584</subfield>
  </datafield>
  <datafield tag="245" ind1=" " ind2=" ">
    <subfield code="a">DON MATTEO - 2A STAGIONE</subfield>
    <subfield code="c">Sceneggiatura: Aa.Vv -- Diretto da: AA.VV. </subfield>
    <subfield code="p">DON MATTEO - 2A STAGIONE (Rif. Codice opera principale : H8493)</subfield>
  </datafield>
  <datafield tag="250" ind1=" " ind2=" ">
    <subfield code="a">Edizione Standard</subfield>
  </datafield>
  <datafield tag="260" ind1=" " ind2=" ">
    <subfield code="a">(ITALIA)</subfield>
    <subfield code="b">RAI FICTION - LUX VIDE - RAI EDU / Distribuzione: MULTIMEDIA SAN PAOLO</subfield>
    <subfield code="g">"2006 (1&#xB0; ed.: 2008 ; Ed. Lingua Orig.: 2006)"</subfield>
  </datafield>
  <datafield tag="300" ind1=" " ind2=" ">
    <subfield code="a">DVD</subfield>
    <subfield code="b">sonoro, col.</subfield>
    <subfield code="c">800 minuti</subfield>
  </datafield>
  <datafield tag="508" ind1=" " ind2=" ">
    <subfield code="a">"Fotografia: AA.VV; Montaggio: Aa.Vv.; Musica: AA.VV. ; Sceneggiatura: Aa.Vv; Scenografia: AA.VV; "</subfield>
  </datafield>
  <datafield tag="511" ind1=" " ind2=" ">
    <subfield code="a">"Hill Terence; Frassica Nino; Insinna Flavio; Guetta Natalie; Scali Francesco; Miconi "</subfield>
  </datafield>
  <datafield tag="520" ind1=" " ind2=" ">
    <subfield code="a">"TITOLO ORIGINALE DELLA SERIE IL DIAVOLO E L'ACQUA SANTA. DETECTIVE AL SERVIZIO DI DIO: QUESTO E' DON MATTEO, NON UN SACERDOTE QUALUNQUE MA UN EX MISSIONARIO DAL TALENTO UN PO' SPECIALE. INFATTI POSSIEDE UNO STRAORDINARIO INTUITO CHE, UNITO ALLA SUA PROFONDA CONOSCENZA DELL'ANIMO UMANO, FA SI CHE SIORIENTI CON SUCCESSO ANCHE NEI PIU' TORTUOSI MEANDRI DEL DELITTO.... EPISODI TRASMESSI DA RAI UNO. DVD 1 : LA MELA AVVELENATA; IL MARCHIO SULLA PELLE; CUORE DI GHIACCIO; IL MAGO. DVD 2: CINQUE ASTICI; UN UOMO ONESTO; IL TORPEDONE; UN PESO MASSIMO. DVD 3: MOSSA D'AZZARDO; MOGLIE E BUOI DEI PAESI TUOI; LA BANDA; IL MORSO DEL SERPENTE. DVD IV: SCHERZARE COL FUOCO; QUESTIONE DI FEGATO; FUORI GIOCO; LA CONFESSIONE."</subfield>
  </datafield>
  <datafield tag="538" ind1=" " ind2=" ">
    <subfield code="a">PAL, STEREO</subfield>
  </datafield>
  <datafield tag="546" ind1=" " ind2=" ">
    <subfield code="a">ITALIANO</subfield>
  </datafield>
  <datafield tag="650" ind1=" " ind2=" ">
    <subfield code="a">COMMEDIA - THRILL</subfield>
    <subfield code="e">DVD-FILM [DVD]</subfield>
    <subfield code="x">Codice MATERIA SPICS: 9947</subfield>
    <subfield code="9">36585</subfield>
  </datafield>
  <datafield tag="700" ind1=" " ind2=" ">
    <subfield code="a">AA.VV. </subfield>
    <subfield code="e">(regista/i)</subfield>
    <subfield code="g">Codice regista SPICS: 12000</subfield>
    <subfield code="9">36583</subfield>
  </datafield>
  <datafield tag="700" ind1=" " ind2=" ">
    <subfield code="a">AA.VV. </subfield>
    <subfield code="e">(soggetto)</subfield>
    <subfield code="g">Codice Soggetto SPICS: 12000</subfield>
    <subfield code="9">36586</subfield>
  </datafield>
  <datafield tag="700" ind1=" " ind2=" ">
    <subfield code="a">AA.VV. </subfield>
    <subfield code="e">(musica)</subfield>
    <subfield code="g">Codice Musica SPICS: 12000</subfield>
    <subfield code="9">36587</subfield>
  </datafield>
  <datafield tag="942" ind1=" " ind2=" ">
    <subfield code="c">DV</subfield>
    <subfield code="2">ddc</subfield>
  </datafield>
  <datafield tag="999" ind1=" " ind2=" ">
    <subfield code="c">104594</subfield>
    <subfield code="d">104594</subfield>
  </datafield>
  <datafield tag="952" ind1=" " ind2=" ">
    <subfield code="0">0</subfield>
    <subfield code="1">0</subfield>
    <subfield code="4">0</subfield>
    <subfield code="6">H_8493_000000000000000</subfield>
    <subfield code="7">1</subfield>
    <subfield code="a">SPICS</subfield>
    <subfield code="b">SPICS</subfield>
    <subfield code="d">2015-01-31</subfield>
    <subfield code="l">0</subfield>
    <subfield code="o">H8493</subfield>
    <subfield code="r">2015-01-31 00:00:00</subfield>
    <subfield code="w">2015-01-31</subfield>
    <subfield code="y">DV</subfield>
    <subfield code="z">Progr. Ins.: 3758 / N.Vol.:4 / Copie: 1 / Pag.:0 / Copia rara: n.d. / date import: 1.2.2015 / By Epidotti, Trombetti, Vaglietti</subfield>
  </datafield>
</record>
